[Event "Rostock SSC op 16th"]
[Site "Rostock"]
[Date "2017.07.30"]
[Round "7"]
[White "Mueller, Rosemarie"]
[Black "Wolf, Manuela"]
[Result "1-0"]
[WhiteElo "1074"]
[BlackElo "938"]
[PlyCount "81"]
[EventDate "2017.07.26"]
[EventType "swiss"]
[EventRounds "7"]
[EventCountry "GER"]
[SourceTitle "EXT 2018"]
[Source "ChessBase"]
[SourceDate "2017.10.13"]
[SourceVersion "1"]
[SourceVersionDate "2017.10.13"]
[SourceQuality "1"]

1. e4 d6 2. Nc3 Nf6 3. Bc4 Nbd7 4. Nf3 e6 5. 0-0 Be7 6. d3 b6 7. Bb5 a6 8. Bc4 Bb7 9. a3 d5 10. exd5 exd5 11. Bb3 0-0 12. d4 c6 13. Re1 Bd6 14. Bg5 Re8 15. Ne2 Qc7 16. h3 Ne4 17. Be3 Re6 18. c4 Rf6 19. Nc3 Rxf3 20. Qxf3 Bh2+ 21. Kf1 Ng3+ 22. fxg3 Qxg3 23. Bf2 Qxf3 24. gxf3 Nf6 25. Re7 Bc8 26. Kg2 Bd6 27. Re2 Nh5 28. Kh1 Nf4 29. Re8+ Bf8 30. Bg3 Nxh3 31. Bd6 h6 32. Rxf8+ Kh7 33. Bc2+ g6 34. Rxf7+ Kg8 35. Bxg6 Be6 36. Re7 Rf8 37. Rxe6 Rxf3 38. Kg2 Ng5 39. Re8+ Kg7 40. Bh5 Re3 41. Rxe3 1-0

[Event "Rostock SSC op 16th"]
[Site "Rostock"]
[Date "2017.07.28"]
[Round "5"]
[White "Wolf, Manuela"]
[Black "Sack, Reinhard"]
[Result "1-0"]
[WhiteElo "938"]
[BlackElo "1661"]
[PlyCount "93"]
[EventDate "2017.07.26"]
[EventType "swiss"]
[EventRounds "7"]
[EventCountry "GER"]
[SourceTitle "EXT 2018"]
[Source "ChessBase"]
[SourceDate "2017.10.13"]
[SourceVersion "1"]
[SourceVersionDate "2017.10.13"]
[SourceQuality "1"]

1. e3 b6 2. d3 Bb7 3. Nd2 e6 4. Ngf3 Bc5 5. Nc4 d5 6. Nce5 Bd6 7. d4 Nf6 8. g4 Ne4 9. Bd3 Bxe5 10. dxe5 Nc5 11. h4 Nxd3+ 12. cxd3 c5 13. d4 c4 14. g5 g6 15. Bd2 0-0 16. Bb4 Re8 17. b3 a5 18. Bd6 cxb3 19. axb3 Qd7 20. b4 Bc6 21. bxa5 Rxa5 22. Rxa5 bxa5 23. Nd2 Bb5 24. f4 Bd3 25. Kf2 Nc6 26. Qa1 Ra8 27. Rc1 a4 28. Rc5 a3 29. Rc3 Bf5 30. Rxa3 Rxa3 31. Qxa3 Qb7 32. Nb3 Kg7 33. Nc5 Bb1 34. Nxb7 h6 35. Bf8+ Kh7 36. gxh6 Be4 37. Qa8 g5 38. fxg5 Kg6 39. Nd6 Kh5 40. Qxc6 Kxh4 41. h7 Bxh7 42. Bh6 Kh5 43. Nxf7 Bf5 44. Kg3 Kg6 45. Qe8 Kh5 46. Nh8+ Bg6 47. Qxg6# 1-0

[Event "Rostock SSC op 16th"]
[Site "Rostock"]
[Date "2017.07.26"]
[Round "1"]
[White "Onasch, Gunnar"]
[Black "Wolf, Manuela"]
[Result "1-0"]
[WhiteElo "1804"]
[BlackElo "938"]
[PlyCount "79"]
[EventDate "2017.07.26"]
[EventType "swiss"]
[EventRounds "7"]
[EventCountry "GER"]
[SourceTitle "EXT 2018"]
[Source "ChessBase"]
[SourceDate "2017.10.13"]
[SourceVersion "1"]
[SourceVersionDate "2017.10.13"]
[SourceQuality "1"]

1. d4 e6 2. c4 d6 3. Nc3 Nd7 4. e4 Ngf6 5. Nf3 b6 6. Bd3 Bb7 7. 0-0 Be7 8. Re1 e5 9. Qc2 0-0 10. h3 c5 11. dxe5 dxe5 12. Be3 Qc7 13. Nd5 Nxd5 14. exd5 g6 15. Ng5 Qd8 16. Ne4 Bf6 17. Nxf6+ Qxf6 18. Re2 Rae8 19. Bh6 a6 20. Rae1 Re7 21. Bxf8 Kxf8 22. Qd2 Kg7 23. Re3 Qd6 24. f4 f6 25. h4 h5 26. Rg3 f5 27. Bxf5 Nf8 28. Qe2 Kf6 29. fxe5+ Rxe5 30. Qxe5+ Qxe5 31. Rxe5 gxf5 32. Re8 Nd7 33. Rge3 Kg6 34. R3e7 Nf6 35. Re6 b5 36. Rb8 bxc4 37. Rxb7 f4 38. Rbb6 Kf5 39. Rxf6+ Ke4 40. d6 1-0